The Twits (Record no. 111499)
[ view plain ]
| 000 -LÍDER | |
|---|---|
| campo de controle de tamanho fixo | 00683 a2200277 4500 |
| 001 - NÚMERO DE CONTROLE | |
| campo de controle | 111499 |
| 003 - IDENTIFICADOR DO NÚMERO DE CONTROLE | |
| campo de controle | OSt |
| 005 - DATA E HORÁRIO DA ÚLTIMA TRANSAÇÃO | |
| campo de controle | 20240403172202.0 |
| 008 - CAMPO DE DADOS FIXOS--INFORMAÇÃO GERAL | |
| campo de controle de tamanho fixo | 240403b |||||||| |||| 00| 0 ENG d |
| 020 ## - ISBN - INTERNATIONAL STANDARD BOOK NUMBER | |
| ISBN - International Standard Book Number | 0375922423 (lib. bdg.) |
| 020 ## - ISBN - INTERNATIONAL STANDARD BOOK NUMBER | |
| ISBN - International Standard Book Number | 9780375822421 (trade) |
| 040 ## - FONTE DA CATALOGAÇÃO | |
| Instituição da catalogação original | BR-BrIDEA |
| Instituição que transcreveu o registro | BR-BrIDEA |
| 041 ## - CÓDIGO DE IDIOMA | |
| Código do idioma do texto/trilha sonora ou título diferente | eng |
| 082 ## - CDD - CLASSIFICAÇÃO DECIMAL DE DEWEY | |
| Número de Classificação | P Year 6 [Fic] |
| 090 ## - NÚMERO DE CHAMADA LOCAL | |
| Número de chamada (OCLC) (R); Número de chamada, CALL (RLIN) (NR) | P Year 6 [Fic] |
| Número Cutter local (OCLC); Número de classificação do livro, CALL (RLIN) | DAH |
| 092 ## - CLASSIFICAÇÃO DE DEWEY ATRIBUÍDA LOCALMENTE (OCLC) | |
| Número de Classificação | 2002066074 |
| 100 ## - ENTRADA PRINCIPAL--NOME PESSOAL | |
| Nome pessoal | Dahl, Roald. |
| 245 10 - TÍTULO | |
| Título | The Twits |
| Indicação de responsabilidade, etc. | Roald Dahl |
| 250 ## - EDIÇÃO | |
| Edição | Rev. ed. |
| 260 ## - PUBLICAÇÃO, DISTRIBUIÇÃO, ETC. | |
| Local de publicação, distribuição, etc. | [s.l.] |
| Nome do editor, distribuidor, etc. | Knopf : |
| Data da publicação, distribuição, etc. | 2002 |
| 300 ## - DESCRIÇÃO FÍSICA | |
| Extensão | 76 p. |
| 697 ## - ENTRADA DE ASSUNTO LOCAL--ENTIDADE COLETIVA (RLIN) | |
| Nome corporativo ou nome da jurisdição | Humorous fiction. |
| 697 ## - ENTRADA DE ASSUNTO LOCAL--ENTIDADE COLETIVA (RLIN) | |
| Nome corporativo ou nome da jurisdição | Humorous stories. |
| 856 ## - LOCALIZAÇÃO ELETRÔNICA E ACESSO | |
| Uniform Resource Identifier | <a href="00001d/00001de6.jpg">00001d/00001de6.jpg</a> |
| 942 ## - ELEMENTOS DE ENTRADA ADICIONADOS (KOHA) | |
| Tipo de material Koha | Livros |
| Fonte da classificação ou esquema de arquivamento na estante | |
| Situação do descarte | Situação das perdas | Fonte da classificação ou esquema de arquivamento na estante | Situação física | Não pode ser emprestado | Biblioteca de origem | Biblioteca atual | Data de aquisição | Total de empréstimos | Número de chamada completo | Código de barras | Devolução em | Data de último acesso | Data do último empréstimo | Data do preço efetivo | Tipo de material Koha |
|---|---|---|---|---|---|---|---|---|---|---|---|---|---|---|---|
| Classificação Decimal de Dewey | ECB - SUDOESTE | ECB - SUDOESTE | 31/10/2017 | 1 | P Year 6 [Fic] | 00005461SSW | 30/03/2024 | 30/01/2024 | 30/01/2024 | 23/01/2024 | Livros | ||||
| Classificação Decimal de Dewey | ECB - SUDOESTE | ECB - SUDOESTE | 27/01/2014 | 1 | P Year 7 [Fic] | 00006346SSW | 04/04/2024 | 02/04/2024 | 23/01/2024 | Livros | |||||
| Classificação Decimal de Dewey | ECB - SUDOESTE | ECB - SUDOESTE | 27/01/2014 | P Year 7 [Fic] | 00006347SSW | 23/01/2024 | 23/01/2024 | Livros | |||||||
| Classificação Decimal de Dewey | ECB - SUDOESTE | ECB - SUDOESTE | 27/01/2014 | P Year 7 [Fic] | 00006350SSW | 23/01/2024 | 23/01/2024 | Livros | |||||||
| Classificação Decimal de Dewey | ECB - SUDOESTE | ECB - SUDOESTE | 27/01/2014 | 1 | P Year 7 [Fic] | 00006348SSW | 06/07/2024 | 07/05/2024 | 07/05/2024 | 23/01/2024 | Livros | ||||
| Classificação Decimal de Dewey | ECB - SUDOESTE | ECB - SUDOESTE | 31/10/2017 | P Year 7 [Fic] | 00008284SSW | 23/01/2024 | 23/01/2024 | Livros | |||||||
| Classificação Decimal de Dewey | ECB - SUDOESTE | ECB - SUDOESTE | 31/10/2017 | P Year 6 [Fic] | 00008373SSW | 23/01/2024 | 23/01/2024 | Livros | |||||||
| Classificação Decimal de Dewey | ECB - ÁGUAS CLARAS | ECB - ÁGUAS CLARAS | 27/01/2014 | 1 | AP Year 7 [Fic] DAH | 00006349AGC | 04/06/2024 | 17/05/2024 | 23/01/2024 | Livros | |||||
| Classificação Decimal de Dewey | ECB - ÁGUAS CLARAS | ECB - ÁGUAS CLARAS | 27/01/2014 | AP Year 7 [Fic] DAH | 00006345AGC | 23/01/2024 | 23/01/2024 | Livros | |||||||
| Classificação Decimal de Dewey | ECB - ÁGUAS CLARAS | ECB - ÁGUAS CLARAS | 31/10/2017 | AP Year 6 [Fic] DAH | 00005275AGC | 23/01/2024 | 23/01/2024 | Livros |